[Event "16.Città di Padova Open A"]
[Site "Padova Fornace Carotta"]
[Date "2013.12.17"]
[Round "4.26"]
[White "Murgia, Andrea"]
[Black "Dappiano, Andrea"]
[Result "0-1"]
[WhiteElo "1977"]
[BlackElo "2182"]
[Annotator "Gabriele Ballarin"]
[PlyCount "72"]
[EventDate "2013.12.15"]
[EventType "swiss"]
[EventRounds "9"]
[EventCountry "ITA"]

1. e4 d6 2. d4 Nf6 3. Bd3 e5 4. c3 d5 5. dxe5 Nxe4 6. Nd2 Nc5 7. Bc2 Nc6 8. Ngf3 Bg4 9. O-O Be7 10. Re1 O-O 11. b4 Ne6 12. Nb3 Bh5 13. b5 Nb8 14. Na5 b6 15. Nc6 Nxc6 16. bxc6 d4 17. Be4 dxc3 18. Qc2 Bxf3 19. Bxh7+ Kh8 20. gxf3 g6 21. Bh6 Kxh7 22. Rad1 Qe8 23. Bxf8 Qxf8 24. Rd7 Qh6 25. h4 Qxh4 26. Re4 Nf4 27. Rxf4 Qxf4 28. e6 Qg5+ 29. Kf1 Qb5+ 30. Kg2 Qb2 31. Qe4 Qb4 32. Qe5 Qc5 33. Qxc7 Qg5+ 34. Kf1 c2 35. Ke2 c1=Q 36. exf7 Qb5+ 0-1

[Event "16.Città di Padova Open A"]
[Site "Padova Fornace Carotta"]
[Date "2013.12.17"]
[Round "4.27"]
[White "Battagin_214, Mosè"]
[Black "Laurenti, Stefano"]
[Result "0-1"]
[WhiteElo "1844"]
[BlackElo "2106"]
[Annotator "Gabriele Ballarin"]
[PlyCount "68"]
[EventDate "2013.12.15"]
[EventType "swiss"]
[EventRounds "9"]
[EventCountry "ITA"]

1. e4 d6 2. d4 Nf6 3. Nc3 e5 4. Nf3 Nbd7 5. g4 Nxg4 6. Rg1 Ngf6 7. Bc4 h6 8. Qd3 c6 9. dxe5 dxe5 10. Be3 b5 11. Bb3 Qa5 12. O-O-O Ba6 13. Nd2 O-O-O 14. Bxa7 b4 15. Bc4 Bxc4 16. Qxc4 Qxa7 17. Qxc6+ Kb8 18. Nb5 Qb6 19. Qc4 Rc8 20. Qe2 g6 21. f4 Bc5 22. Rgf1 Be3 23. fxe5 Nxe4 24. Nd6 Nxd2 25. Rxf7 Rc7 26. Rxd2 Bxd2+ 27. Kxd2 Qd4+ 28. Kc1 Qxe5 29. Qd2 Qc5 30. Rf1 Qg5 31. Qxg5 hxg5 32. Nf7 Rf8 33. Rf3 g4 34. Rf4 Rb7 0-1

[Event "16.Città di Padova Open A"]
[Site "Padova Fornace Carotta"]
[Date "2013.12.17"]
[Round "4.28"]
[White "Raimbault, Pierre"]
[Black "Di Lazzaro, Gabriele"]
[Result "1-0"]
[WhiteElo "1884"]
[BlackElo "1941"]
[Annotator "Gabriele Ballarin"]
[PlyCount "51"]
[EventDate "2013.12.15"]
[EventType "swiss"]
[EventRounds "9"]
[EventCountry "ITA"]

1. d4 Nf6 2. c4 c5 3. d5 b5 4. cxb5 a6 5. f3 d6 6. e4 g6 7. Na3 Bg7 8. Ne2 axb5 9. Nxb5 Na6 10. Nec3 O-O 11. Be2 Bd7 12. O-O Nb4 13. Be3 Qa5 14. Na3 Rfb8 15. Nc4 Qc7 16. Qd2 Ba4 17. Nxa4 Rxa4 18. a3 Qa7 19. Rab1 Nd7 20. axb4 Raxb4 21. f4 Nb6 22. b3 Na4 23. e5 Rxb3 24. Rxb3 Rxb3 25. Ra1 Rb4 26. Qxb4 1-0

[Event "16.Città di Padova Open A"]
[Site "Padova Fornace Carotta"]
[Date "2013.12.17"]
[Round "4.29"]
[White "Favero, Graziano"]
[Black "Franco, Alessandro P"]
[Result "1-0"]
[WhiteElo "1829"]
[BlackElo "1912"]
[Annotator "Gabriele Ballarin"]
[PlyCount "35"]
[EventDate "2013.12.15"]
[EventType "swiss"]
[EventRounds "9"]
[EventCountry "ITA"]

1. e4 c5 2. Nf3 d6 3. d4 cxd4 4. Nxd4 Nf6 5. Nc3 a6 6. Be2 e6 7. Be3 Be7 8. O-O O-O 9. f4 Qc7 10. Qe1 b5 11. a3 Bb7 12. Bf3 Nbd7 13. Qg3 {=} Nb6 14. Rad1 Nc4 15. Bc1 Nxa3 16. e5 Bxf3 17. exf6 Bxd1 18. Qxg7# 1-0

[Event "16.Città di Padova Open A"]
[Site "Padova Fornace Carotta"]
[Date "2013.12.17"]
[Round "4.30"]
[White "Bucchicchio, Giancarlo"]
[Black "Antoniacci, Riccardo"]
[Result "1-0"]
[WhiteElo "2061"]
[BlackElo "1883"]
[Annotator "Gabriele Ballarin"]
[PlyCount "107"]
[EventDate "2013.12.15"]
[EventType "swiss"]
[EventRounds "9"]
[EventCountry "ITA"]

1. e4 c5 2. Nf3 Nc6 3. d4 cxd4 4. c3 d3 5. Bxd3 g6 6. O-O Bg7 7. Na3 Nf6 8. h3 O-O 9. e5 Ne8 10. Bf4 a6 11. Qd2 b5 12. c4 b4 13. Nc2 a5 14. a3 b3 15. Be4 Nc7 16. Ncd4 Ne6 17. Nxc6 dxc6 18. Bxc6 Rb8 19. Qxd8 Rxd8 20. Be3 Ba6 21. Rac1 Rbc8 22. Bb5 Bxb5 23. cxb5 f6 24. Bb6 Rxc1 25. Rxc1 Rd5 26. Rc6 Kf7 27. a4 fxe5 28. Bxa5 e4 29. Nd2 Bxb2 30. Nxb3 Rd1+ 31. Kh2 Be5+ 32. g3 Ng5 33. Nd2 Bd4 34. h4 Nf3+ 35. Nxf3 exf3 36. Bb6 Bxb6 37. Rxb6 Rf1 38. a5 Rxf2+ 39. Kg1 Rd2 40. a6 e5 41. Rc6 Ke7 42. Rc3 e4 43. Re3 Rd1+ 44. Kf2 Rd2+ 45. Kf1 Rd4 46. Rxe4+ Rxe4 47. a7 Ra4 48. b6 h5 49. b7 Rxa7 50. b8=Q Rd7 51. Qg8 Rd6 52. Qg7+ Ke8 53. Kf2 Re6 54. Kxf3 1-0

[Event "16.Città di Padova Open A"]
[Site "Padova Fornace Carotta"]
[Date "2013.12.17"]
[Round "4.31"]
[White "Giuriato, Sergio"]
[Black "Sherifaj, Pasho"]
[Result "1-0"]
[WhiteElo "1963"]
[BlackElo "1970"]
[Annotator "Gabriele Ballarin"]
[PlyCount "105"]
[EventDate "2013.12.15"]
[EventType "swiss"]
[EventRounds "9"]
[EventCountry "ITA"]

1. d4 Nf6 2. c4 c5 3. d5 e6 4. Nc3 exd5 5. cxd5 g6 6. Nf3 Bg7 7. g3 O-O 8. Bg2 d6 9. O-O a6 10. a4 Nbd7 11. h3 Rb8 12. Bf4 Qe7 13. e4 Nh5 14. Bg5 f6 15. Bd2 Bh8 16. g4 Ng7 17. Re1 Ne5 18. Qe2 Bd7 19. Nh2 b5 20. f4 Nc4 21. Bc1 Na5 22. axb5 Nb3 23. Rxa6 Nd4 24. Qf2 Bxb5 25. Nxb5 Rxb5 26. Nf3 Nb3 27. Be3 Rb4 28. Nd4 Rfb8 29. Nxb3 Rxb3 30. Bc1 h5 31. Re3 hxg4 32. Rxb3 Rxb3 33. hxg4 f5 34. e5 Ne8 35. Qc2 Rg3 36. gxf5 gxf5 37. Qxf5 Ng7 38. Ra8+ Ne8 39. Qh5 Kf8 40. Qxh8+ Rg8 41. Qh6+ Qg7 42. Qxd6+ Qe7 43. Qxe7+ Kxe7 44. Be3 c4 45. Kf2 Rh8 46. d6+ Kd7 47. Ra7+ Ke6 48. d7 Ng7 49. d8=Q Rxd8 50. Rxg7 Rb8 51. Bd4 Rb3 52. Be4 c3 53. f5# 1-0

[Event "16.Città di Padova Open A"]
[Site "Padova Fornace Carotta"]
[Date "2013.12.18"]
[Round "5.13"]
[White "Fregonese, Giulio"]
[Black "Sanchez, Joseph"]
[Result "0-1"]
[WhiteElo "2200"]
[BlackElo "2534"]
[Annotator "Gabriele Ballarin"]
[PlyCount "94"]
[EventDate "2013.12.15"]
[EventType "swiss"]
[EventRounds "9"]
[EventCountry "ITA"]

1. d4 Nf6 2. Bf4 c5 3. e3 Qb6 4. Nc3 cxd4 5. exd4 e6 6. a3 d5 7. Nf3 Bd7 8. Rb1 Nc6 9. Be2 Rc8 10. O-O Be7 11. Re1 O-O 12. Bd3 Rfd8 13. Ne2 Na5 14. c3 Bb5 15. Bc2 Bc4 16. Nc1 Ne4 17. Nd2 Nxd2 18. Bxd2 Bf6 19. Qh5 g6 20. Qf3 Bg7 21. Bg5 Re8 22. Bf6 Ba6 23. Bxg7 Kxg7 24. Nd3 Bxd3 25. Bxd3 Qd8 26. Re3 a6 27. Qe2 Qd6 28. Re1 Nc6 29. g3 Rc7 30. f4 {=} Rce7 31. h4 f6 32. Qf2 e5 33. dxe5 fxe5 34. Bf1 e4 35. Bg2 Qc5 36. Kh1 b5 37. R1e2 Qd6 38. Re1 Na5 39. R3e2 Nb3 40. Qg1 a5 41. Qe3 Nc5 42. Rd2 Nb3 43. Rde2 Qf6 44. Rd1 Rd8 45. Qg1 h6 46. Rxe4 Rxe4 47. Bxe4 dxe4 0-1

[Event "16.Città di Padova Open A"]
[Site "Padova Fornace Carotta"]
[Date "2013.12.18"]
[Round "5.14"]
[White "Laurenti, Stefano"]
[Black "Laketic, Gojko"]
[Result "0-1"]
[WhiteElo "2106"]
[BlackElo "2447"]
[Annotator "Gabriele Ballarin"]
[PlyCount "96"]
[EventDate "2013.12.15"]
[EventType "swiss"]
[EventRounds "9"]
[EventCountry "ITA"]

1. e4 d6 2. d4 Nf6 3. Nc3 e5 4. Nf3 Nbd7 5. a4 Be7 6. Bc4 O-O 7. O-O a5 8. Re1 c6 9. h3 Nb6 10. Ba2 Nfd7 11. Be3 exd4 12. Bxd4 Nc5 13. Bxc5 dxc5 14. Qe2 Qd6 15. Rad1 Qh6 16. Rd2 Be6 17. Bxe6 Qxe6 18. b3 c4 19. Nd4 Qe5 20. f4 Qxf4 21. Rf1 Qc7 22. Kh1 Bb4 23. Qf3 Qe5 24. Rdd1 Bd6 25. Kg1 Bc5 26. Nce2 Rad8 27. c3 cxb3 28. Kh1 b2 29. Qg4 h5 30. Qh4 Be7 31. Qf2 Nc4 32. Ng1 Bd6 33. Ngf3 Qxe4 34. Ng5 Qe5 35. Ndf3 Qg3 36. Qc2 g6 37. Ne4 Ne3 38. Qxb2 Nxd1 39. Rxd1 Qf4 40. Rd4 Be5 41. Nxe5 Qxe5 42. Nd2 c5 43. Nf3 Qg3 44. Rd2 Rfe8 45. Qc1 Rxd2 46. Qxd2 Re4 47. Qd1 Kg7 48. Kg1 Qf4 0-1

[Event "16.Città di Padova Open A"]
[Site "Padova Fornace Carotta"]
[Date "2013.12.18"]
[Round "5.15"]
[White "Dappiano, Andrea"]
[Black "Valsecchi, Alessio"]
[Result "1-0"]
[WhiteElo "2182"]
[BlackElo "2428"]
[Annotator "Gabriele Ballarin"]
[PlyCount "101"]
[EventDate "2013.12.15"]
[EventType "swiss"]
[EventRounds "9"]
[EventCountry "ITA"]

1. Nf3 d6 2. c4 g6 3. Nc3 Bg7 4. g3 f5 5. Bg2 Nf6 6. O-O O-O 7. d3 e5 8. Rb1 a5 9. a3 h6 10. b4 axb4 11. axb4 Nc6 12. b5 Ne7 13. c5 Be6 14. b6 dxc5 15. bxc7 Qxc7 16. Nb5 Qb8 17. Nxe5 g5 18. Nc4 Ned5 19. Bb2 f4 20. Be5 Qd8 21. Qb3 Nb4 22. Nc7 Bf7 23. Nxa8 b5 24. Nab6 Re8 25. Qb2 bxc4 26. Nxc4 Qe7 27. Bd6 Qxe2 28. Qxe2 Rxe2 29. Ne5 Ba2 30. Rbe1 Rd2 31. Rd1 Rc2 32. d4 Ne8 33. Bxc5 Nd5 34. Nd3 Nec7 35. Rc1 Rd2 36. Rfd1 Rxd1+ 37. Rxd1 Nc3 38. Rd2 N7b5 39. Nb4 Bf7 40. d5 Na4 41. Be7 Bc3 42. Ra2 Nb6 43. Ra6 Nc4 44. Bf1 Bxb4 45. Bxb4 Bxd5 46. Rxh6 Nd4 47. Bxc4 Bxc4 48. Rd6 Nf3+ 49. Kg2 Ne5 50. gxf4 gxf4 51. Bc3 1-0

[Event "16.Città di Padova Open A"]
[Site "Padova Fornace Carotta"]
[Date "2013.12.18"]
[Round "5.16"]
[White "Fierro Baquero, Martha Lorena"]
[Black "Seyfried, Claus"]
[Result "0-1"]
[WhiteElo "2362"]
[BlackElo "2190"]
[Annotator "Gabriele Ballarin"]
[PlyCount "98"]
[EventDate "2013.12.15"]
[EventType "swiss"]
[EventRounds "9"]
[EventCountry "ITA"]

1. c4 Nf6 2. Nf3 c6 3. g3 d5 4. Bg2 dxc4 5. O-O Be6 6. Na3 Qd5 7. d3 cxd3 8. Ng5 Qd7 9. Nxe6 Qxe6 10. Qxd3 g6 11. b4 Bg7 12. Bb2 O-O 13. Nc4 Na6 14. a3 Rfd8 {=} 15. Qc2 Rac8 16. Na5 Rc7 17. Rfd1 Qc8 18. Be5 Rcd7 19. b5 Nb8 20. Bxb8 Qxb8 21. bxc6 bxc6 22. Nxc6 Qc7 23. Rdc1 Re8 24. Rab1 Qd6 25. Qa4 h5 26. Nxa7 Ng4 27. Rd1 Bd4 28. e3 Qf6 29. Rf1 Red8 30. Nc6 Bc5 31. Nxd8 Rxd8 32. Qa5 Qd6 33. a4 h4 34. Bf3 Ne5 35. Be4 hxg3 36. hxg3 Nc4 37. Qc3 Nxe3 38. Rfe1 Ng4 39. Re2 Bd4 40. Qb3 Qc5 41. Rf1 Qh5 42. Rd1 Nxf2 43. Rxd4 Nh3+ 44. Kf1 Rxd4 45. Bf3 Qc5 46. Rc2 Qf5 47. Kg2 Ng5 48. Rf2 Qh3+ 49. Kg1 Qxg3+ 0-1

[Event "16.Città di Padova Open A"]
[Site "Padova Fornace Carotta"]
[Date "2013.12.18"]
[Round "5.17"]
[White "Boscolo, Federico Meneguolo"]
[Black "Quaranta, Cristiano"]
[Result "1-0"]
[WhiteElo "2295"]
[BlackElo "2169"]
[Annotator "Gabriele Ballarin"]
[PlyCount "79"]
[EventDate "2013.12.15"]
[EventType "swiss"]
[EventRounds "9"]
[EventCountry "ITA"]

1. e4 c5 2. Nf3 d6 3. Bb5+ Bd7 4. Bxd7+ Qxd7 5. O-O Nc6 6. Qe2 Nf6 7. Rd1 Rc8 8. c3 e6 9. d3 Be7 10. Nbd2 O-O 11. Nf1 a6 12. Ng3 b5 13. h3 Qc7 14. Bf4 e5 15. Bg5 Nd8 16. d4 Ne6 17. Be3 Rfe8 18. d5 Nf4 19. Qd2 Ng6 20. a4 Ra8 21. Ra2 Nd7 22. Rda1 Qb7 23. Qe2 b4 24. c4 Qc7 {=} 25. b3 Bf6 26. Rf1 Qd8 27. Nf5 Nb6 28. g3 Ne7 29. N5h4 Rf8 30. Ng2 g6 31. h4 Bg7 32. h5 Ra7 33. hxg6 hxg6 34. Ng5 Qc8 35. f4 f6 36. Ne6 Rf7 37. fxe5 fxe5 38. Rxf7 Kxf7 39. Qg4 Nd7 40. Ng5+ 1-0

[Event "16.Città di Padova Open A"]
[Site "Padova Fornace Carotta"]
[Date "2013.12.18"]
[Round "5.18"]
[White "Del Monaco, Andrea"]
[Black "Andreoni, Giuseppe"]
[Result "1/2-1/2"]
[WhiteElo "2295"]
[BlackElo "2103"]
[Annotator "Gabriele Ballarin"]
[PlyCount "39"]
[EventDate "2013.12.15"]
[EventType "swiss"]
[EventRounds "9"]
[EventCountry "ITA"]

1. d4 Nf6 2. c4 g6 3. Nc3 d5 4. cxd5 Nxd5 5. e4 Nxc3 6. bxc3 Bg7 7. Be3 c5 8. Qd2 O-O 9. Rc1 Qa5 10. Nf3 Nc6 11. d5 Rd8 12. c4 Nb4 13. Be2 b6 14. Bg5 Re8 15. e5 Qxa2 16. Qd1 f6 17. Be3 fxe5 18. O-O Bf5 19. Ng5 Bc2 20. Bg4 1/2-1/2

[Event "16.Città di Padova Open A"]
[Site "Padova Fornace Carotta"]
[Date "2013.12.18"]
[Round "5.19"]
[White "Lantini, Marco"]
[Black "Rossi, Carlo"]
[Result "1-0"]
[WhiteElo "2089"]
[BlackElo "2285"]
[Annotator "Gabriele Ballarin"]
[PlyCount "28"]
[EventDate "2013.12.15"]
[EventType "swiss"]
[EventRounds "9"]
[EventCountry "ITA"]

1. d4 Nf6 2. c4 g6 3. Nc3 Bg7 4. Nf3 d6 5. h3 Nc6 6. d5 Nb8 7. e4 c5 8. Bd3 e5 9. dxe6 fxe6 10. Bg5 Qb6 11. e5 Nfd7 12. Na4 Qc6 13. O-O Nxe5 14. Nxe5 Bxe5 {Nur} 1-0

[Event "16.Città di Padova Open A"]
[Site "Padova Fornace Carotta"]
[Date "2013.12.18"]
[Round "5.20"]
[White "Rosina, Graziano"]
[Black "De Santis, Alessio"]
[Result "0-1"]
[WhiteElo "1811"]
[BlackElo "2282"]
[Annotator "Gabriele Ballarin"]
[PlyCount "64"]
[EventDate "2013.12.15"]
[EventType "swiss"]
[EventRounds "9"]
[EventCountry "ITA"]

1. Nf3 Nf6 2. c4 Nc6 3. g3 e5 4. d3 Bc5 5. Bg2 d6 6. Nc3 a5 7. O-O h6 8. Nd2 Ba7 9. Nde4 Nd7 10. Nd5 f5 11. Nec3 O-O 12. Nb5 Bb8 13. d4 e4 14. f3 exf3 15. Bxf3 Ne7 16. Nf4 Nf6 17. d5 {=} g5 18. Nd3 c6 19. Nd4 Ba7 20. Nf2 cxd5 21. cxd5 Ng6 22. Kh1 Ne5 23. Ne6 Bxe6 24. dxe6 Qe7 25. Bd5 a4 26. b4 Nxd5 27. Qxd5 Rae8 28. Qa5 Bd4 29. Rb1 Qxe6 30. Qxa4 Ng4 31. e3 Nxf2+ 32. Rxf2 Qe4+ 0-1

[Event "16.Città di Padova Open A"]
[Site "Padova Fornace Carotta"]
[Date "2013.12.18"]
[Round "5.21"]
[White "Redo, Giorgio"]
[Black "Massironi, Marco"]
[Result "0-1"]
[WhiteElo "2084"]
[BlackElo "2221"]
[Annotator "Gabriele Ballarin"]
[PlyCount "88"]
[EventDate "2013.12.15"]
[EventType "swiss"]
[EventRounds "9"]
[EventCountry "ITA"]

1. f4 d5 2. Nf3 Nf6 3. e3 Bg4 4. b3 Nbd7 5. Bb2 c6 6. Be2 Bxf3 7. Bxf3 Qc7 8. O-O e5 9. fxe5 Nxe5 10. Qe1 Bd6 11. Qh4 O-O-O 12. Be2 h5 13. Bxe5 Bxe5 14. d4 Bd6 15. Nd2 Rde8 16. Rf3 Ng4 17. Nf1 Kb8 18. Rh3 Nf6 19. Bd3 Ne4 20. Bxe4 Rxe4 21. Qg5 g6 22. Qf6 Rhe8 23. Re1 R4e6 24. Qf3 f5 25. c4 Re4 26. c5 Bf4 27. Rh4 a6 28. g3 Bh6 29. Rxe4 Rxe4 30. Nd2 Qa5 31. Re2 Bxe3+ 32. Rxe3 Qxd2 33. Rxe4 dxe4 34. Qf4+ Qxf4 35. gxf4 a5 36. Kf2 a4 37. Ke3 axb3 38. axb3 Ka7 39. Kd2 Ka6 40. Kc3 Kb5 41. h4 e3 42. Kd3 Kb4 43. Kxe3 Kc3 44. b4 Kc4 0-1

[Event "16.Città di Padova Open A"]
[Site "Padova Fornace Carotta"]
[Date "2013.12.18"]
[Round "5.22"]
[White "Santolini, Luigi"]
[Black "Raimbault, Pierre"]
[Result "1/2-1/2"]
[WhiteElo "2122"]
[BlackElo "1884"]
[Annotator "Gabriele Ballarin"]
[PlyCount "70"]
[EventDate "2013.12.15"]
[EventType "swiss"]
[EventRounds "9"]
[EventCountry "ITA"]

1. d4 Nf6 2. c4 c5 3. d5 b5 4. cxb5 a6 5. bxa6 g6 6. Nc3 Bxa6 7. e4 Bxf1 8. Kxf1 d6 9. Nf3 Bg7 10. g3 O-O 11. Kg2 Nbd7 12. Qe2 Qa5 13. Bd2 Rfb8 14. Rhb1 Qa6 15. Ng1 Ne5 16. Qxa6 Rxa6 17. f3 Nc4 18. Bc1 Nd7 19. Nge2 Nde5 20. b3 Na3 21. Bxa3 Rxa3 22. f4 Nd3 23. Rd1 c4 24. Rab1 Nb4 25. Rd2 cxb3 26. Rxb3 Rxb3 27. axb3 Na6 28. Ra2 Rxb3 29. Rxa6 Bxc3 30. Nxc3 Rxc3 31. Ra7 Kf8 32. Ra8+ Kg7 33. Ra7 Kf6 34. Kf2 Rc2+ 35. Kf3 Rc3+ 1/2-1/2

[Event "16.Città di Padova Open A"]
[Site "Padova Fornace Carotta"]
[Date "2013.12.18"]
[Round "5.23"]
[White "Messina, Roberta"]
[Black "Gallo, Enrico"]
[Result "1-0"]
[WhiteElo "2066"]
[BlackElo "2108"]
[Annotator "Gabriele Ballarin"]
[PlyCount "153"]
[EventDate "2013.12.15"]
[EventType "swiss"]
[EventRounds "9"]
[EventCountry "ITA"]

1. c4 Nf6 2. g3 e6 3. Bg2 d5 4. Nc3 c6 5. Nf3 Nbd7 6. b3 Be7 7. Bb2 O-O 8. O-O e5 9. cxd5 e4 10. d6 Bxd6 11. Ng5 Be5 12. Ngxe4 Nxe4 13. Bxe4 Nc5 14. Bg2 Bg4 15. Qc2 Re8 16. Rfe1 Qd7 17. d3 f5 18. Nd1 Bd6 19. Ne3 Bh5 20. Nc4 Bc7 21. Ne3 Bb6 22. Bh3 Bg6 23. b4 Na6 24. Qc4+ Kh8 25. Ng2 Nc7 26. Nh4 Nb5 27. e3 Re7 28. Qf4 Rf8 29. Qg5 Qe6 30. a4 Nd6 31. Nxg6+ hxg6 32. a5 Bc7 33. e4 Bd8 34. Qf4 Kg8 35. exf5 Qxe1+ 36. Rxe1 Rxe1+ 37. Kg2 Nxf5 38. Qc4+ Kh7 39. Bc3 Rc1 40. Qb3 Bf6 41. Bxf6 Rxf6 42. Qb2 Re1 43. Bg4 Ree6 44. Qa1 Rd6 45. Qc3 a6 46. Bf3 Nd4 47. Be4 Rd7 48. Qc5 Ne6 49. Qh5+ Kg8 50. Bxg6 Nf8 51. Be4 Rdf7 52. f4 Rh6 53. Qg4 Nd7 54. Bg6 Re7 55. Be4 Rd6 56. Bh7+ Kh8 57. Bg6 Kg8 58. Bh7+ Kh8 59. Qh4 Nf6 60. Be4+ Kg8 61. Bh7+ Kf8 62. Bg6 Kg8 63. g4 Rde6 64. g5 Re2+ 65. Kf1 Re1+ 66. Qxe1 Rxe1+ 67. Kxe1 Nd5 68. Bf5 Nxb4 69. Kd2 Nd5 70. Be6+ Kf8 71. Bxd5 cxd5 72. Kc3 Ke7 73. Kd4 Kd6 74. f5 b5 75. axb6 a5 76. b7 Kc7 77. f6 1-0

[Event "16.Città di Padova Open A"]
[Site "Padova Fornace Carotta"]
[Date "2013.12.18"]
[Round "5.24"]
[White "Movileanu, Daniela"]
[Black "Cardili, Mariano"]
[Result "0-1"]
[WhiteElo "2051"]
[BlackElo "2106"]
[Annotator "Gabriele Ballarin"]
[PlyCount "178"]
[EventDate "2013.12.15"]
[EventType "swiss"]
[EventRounds "9"]
[EventCountry "ITA"]

1. e4 c6 2. c4 d5 3. cxd5 cxd5 4. exd5 Nf6 5. Nc3 Nxd5 6. Nf3 Nc6 7. Bb5 e6 8. O-O Be7 9. d4 O-O 10. Re1 Bf6 11. Ne4 Nce7 12. Bd3 b6 13. Nxf6+ Nxf6 14. Bg5 Bb7 15. Bxf6 gxf6 16. Nh4 Ng6 17. Bxg6 hxg6 18. Qg4 f5 19. Qf4 Qf6 20. Re5 Rfd8 21. Nf3 Bxf3 22. gxf3 Rd7 23. Qe3 Kg7 24. f4 Rh8 25. Rd1 Rh4 26. h3 Rh8 27. Rd3 Rc8 28. Rc3 Rdc7 29. Qd2 Rc4 30. Rxc4 Rxc4 31. b3 Rc7 32. d5 Rd7 33. d6 Qd8 34. Qd4 Kg8 35. Qa4 Rxd6 36. Qxa7 Rd1+ 37. Kg2 Qd4 38. Qa8+ Kg7 39. Qf3 Ra1 40. a4 Rc1 41. Qe3 Qd1 42. Rb5 Qf1+ 43. Kg3 Rd1 44. f3 Re1 45. Qd4+ Kh7 46. Re5 Rd1 47. Qf2 Qd3 48. Re3 Qd6 49. Re1 Rd4 50. Qe3 g5 51. Kg2 gxf4 52. Qf2 Rd2 53. Re2 Rxe2 54. Qxe2 e5 55. Qc4 Kg7 56. Qc3 f6 57. b4 Qd1 58. Qc7+ Kg6 59. Qxb6 Qd2+ 60. Kh1 Qe2 61. Qg1+ Kh5 62. Qg7 Qxf3+ 63. Kh2 Qf2+ 64. Kh1 Qe1+ 65. Kg2 Qd2+ 66. Kg1 Qxb4 67. Qf7+ Kh4 68. Qxf6+ Kg3 69. Qg5+ Kf3 70. Qg2+ Ke3 71. Qg5 Kf3 72. Qg2+ Ke3 73. Qf2+ Ke4 74. Qc2+ Kd5 75. Qxf5 Qe1+ 76. Kh2 Qg3+ 77. Kh1 Qe3 78. Qf7+ Kd4 79. Qa7+ Kd3 80. Qa6+ Kd2 81. Qb5 Ke1 82. Qb1+ Kf2 83. Qg1+ Ke2 84. Qg4+ Ke1 85. Kh2 f3 86. Qb4+ Kf2 87. Qb2+ Qe2 88. Qb1 Qe1 89. Qg6 Qd1 0-1

[Event "16.Città di Padova Open A"]
[Site "Padova Fornace Carotta"]
[Date "2013.12.18"]
[Round "5.25"]
[White "Parrella, Alfredo"]
[Black "Favero, Graziano"]
[Result "1-0"]
[WhiteElo "2103"]
[BlackElo "1829"]
[Annotator "Gabriele Ballarin"]
[PlyCount "48"]
[EventDate "2013.12.15"]
[EventType "swiss"]
[EventRounds "9"]
[EventCountry "ITA"]

1. d4 d6 2. g3 g6 3. Bg2 Bg7 4. Nf3 Nf6 5. c4 c6 6. Nc3 O-O 7. O-O Bg4 8. h3 Be6 9. Qa4 Qc8 10. Kh2 Nbd7 11. b3 Nb6 {=} 12. Qa5 d5 13. cxd5 Nbxd5 14. Na4 h5 15. Qe1 Ne4 16. Ba3 Qc7 17. Rd1 Bf6 18. Ng1 Ng5 19. e4 Nf4 20. gxf4 Qxf4+ 21. Kh1 Bxh3 22. Nxh3 Nxh3 23. Bxh3 Qf3+ 24. Bg2 Qf4 1-0

[Event "16.Città di Padova Open A"]
[Site "Padova Fornace Carotta"]
[Date "2013.12.18"]
[Round "5.26"]
[White "Murgia, Andrea"]
[Black "Xia, Jie"]
[Result "0-1"]
[WhiteElo "1977"]
[BlackElo "2280"]
[Annotator "Gabriele Ballarin"]
[PlyCount "90"]
[EventDate "2013.12.15"]
[EventType "swiss"]
[EventRounds "9"]
[EventCountry "ITA"]

1. e4 c5 2. c3 d6 3. d4 cxd4 4. cxd4 Nf6 5. Nc3 g6 6. Bc4 Bg7 7. h4 Nc6 8. Nf3 O-O 9. h5 Bg4 10. hxg6 hxg6 11. Bh6 Bxh6 12. Rxh6 Kg7 13. Qd2 Bxf3 14. gxf3 Rh8 15. Rxh8 Qxh8 16. O-O-O Rc8 17. Kb1 Qh2 18. f4 Rh8 19. e5 dxe5 20. dxe5 Nh5 21. Nd5 e6 22. Nc7 Rd8 23. Qxd8 Nxd8 24. Rxd8 Qg1+ 25. Kc2 Qxf2+ 26. Kc3 Qxf4 27. Ne8+ Kh6 28. Nd6 Qxe5+ 29. Kb3 Qe3+ 30. Ka4 a6 31. Nxb7 Qb6 32. Nd6 Kh7 33. Nxf7 Qc6+ 34. Kb4 Qb7+ 35. Ka5 Qxf7 36. Rc8 Qb7 37. Bxa6 Qd5+ 38. Kb6 Qd4+ 39. Ka5 Qxb2 40. a4 Nf4 41. Rc7+ Kh6 42. Rb7 Qc3+ 43. Kb5 Nd3 44. a5 Qc5+ 45. Ka4 Qc6+ 0-1

[Event "16.Città di Padova Open A"]
[Site "Padova Fornace Carotta"]
[Date "2013.12.18"]
[Round "5.27"]
[White "Nepi, Ezio"]
[Black "Bucchicchio, Giancarlo"]
[Result "1/2-1/2"]
[WhiteElo "1924"]
[BlackElo "2061"]
[Annotator "Gabriele Ballarin"]
[PlyCount "65"]
[EventDate "2013.12.15"]
[EventType "swiss"]
[EventRounds "9"]
[EventCountry "ITA"]

1. d4 Nf6 2. c4 c5 3. d5 b5 4. Qc2 bxc4 5. e4 d6 6. Bxc4 g6 7. Nf3 Bg7 8. O-O O-O 9. h3 Nfd7 10. Bd2 Nb6 11. Be2 Na6 12. a3 Nc7 13. Bc3 f5 14. Bxg7 Kxg7 15. exf5 Bxf5 16. Qc3+ Kg8 17. Rd1 Rb8 18. b4 cxb4 19. axb4 Bxb1 20. Raxb1 Ncxd5 21. Qb3 e6 22. Nd4 Qf6 23. Bf3 Nf4 24. Nc6 Rb7 25. Rxd6 Nbd5 26. Re1 Nxh3+ 27. Kf1 Ng5 28. Rexe6 Nxf3 29. Qxd5 Nh2+ 30. Kg1 Qxf2+ 31. Kxh2 Qh4+ 32. Kg1 Qf2+ 33. Kh2 1/2-1/2

[Event "16.Città di Padova Open A"]
[Site "Padova Fornace Carotta"]
[Date "2013.12.18"]
[Round "5.28"]
[White "Zangrando, Gianpietro"]
[Black "Viaggi, Stefano"]
[Result "0-1"]
[WhiteElo "1847"]
[BlackElo "2033"]
[Annotator "Gabriele Ballarin"]
[PlyCount "118"]
[EventDate "2013.12.15"]
[EventType "swiss"]
[EventRounds "9"]
[EventCountry "ITA"]

1. Nf3 g6 2. g3 Bg7 3. Bg2 e6 4. d4 Ne7 5. O-O O-O 6. e4 d5 7. e5 c5 8. c3 Nbc6 9. Re1 Qb6 10. dxc5 Qxc5 11. Nbd2 Nf5 12. Nb3 Qb6 13. g4 Nfe7 14. Bf4 Bd7 15. Qd2 a5 16. Bh6 a4 17. Bxg7 Kxg7 18. Nbd4 Nxd4 19. Nxd4 Nc6 20. Re3 h6 21. Rh3 Rh8 22. Nxc6 bxc6 23. Bf1 Rab8 24. Rb1 c5 25. Qf4 Qd8 26. Rf3 Rf8 27. Qf6+ Qxf6 28. Rxf6 Bb5 29. Rf4 g5 30. Rf3 Bxf1 31. Kxf1 Rb7 32. Rd3 Rfb8 33. Rd2 c4 34. Ke2 a3 35. Kd1 f6 36. exf6+ Kxf6 37. Ke2 Rxb2 38. Rbd1 e5 39. Ke3 Rxd2 40. Rxd2 Ke6 41. Rc2 Rb2 42. Kd2 d4 43. Kc1 Rxc2+ 44. Kxc2 Kd5 45. f3 d3+ 46. Kd2 e4 47. Ke3 exf3 48. Kxf3 Ke5 49. Ke3 Kf6 50. h3 Kg6 51. Kd2 h5 52. Ke3 hxg4 53. hxg4 Kf6 54. Kd2 Ke5 55. Ke3 d2 56. Kxd2 Kf4 57. Ke2 Kxg4 58. Ke3 Kh3 59. Kf2 g4 0-1

[Event "16.Città di Padova Open A"]
[Site "Padova Fornace Carotta"]
[Date "2013.12.18"]
[Round "5.29"]
[White "Dorigo, Tommaso"]
[Black "Battagin_214, Mosè"]
[Result "1-0"]
[WhiteElo "1996"]
[BlackElo "1844"]
[Annotator "Gabriele Ballarin"]
[PlyCount "73"]
[EventDate "2013.12.15"]
[EventType "swiss"]
[EventRounds "9"]
[EventCountry "ITA"]

1. e4 d6 2. d4 Nf6 3. Nc3 g6 4. Nf3 Bg7 5. Be2 O-O 6. O-O Bg4 7. Re1 Nc6 8. Be3 e5 9. d5 Ne7 10. Qd2 Bd7 11. Rad1 b5 12. Nxb5 Nxe4 13. Qa5 c5 14. Qxd8 Rfxd8 15. Nd2 Bxb5 16. Bxb5 Nxd2 17. Bxd2 Nc8 18. a4 Bf8 19. f4 Bg7 20. Rb1 a6 21. Bc6 Rb8 22. b4 cxb4 23. fxe5 Bxe5 24. Bxb4 Na7 25. Ba5 Rxb1 26. Rxb1 Rc8 27. Bd7 Rxc2 28. Bb6 Nc8 29. Be3 Kg7 30. Rb7 Ne7 31. Be8 Kf6 32. h4 Rc4 33. Bg5+ Kf5 34. Rxe7 f6 35. Be3 Ke4 36. Bh6 Kxd5 37. Bf7+ 1-0